000 01005nam a2200289 a 4500
001 11136
003 BD-RjUL
005 20211208235057.0
008 140126s1967 njua b 001 0 eng
035 _a(BD-RjUL)11185
035 _a(OCoLC)319345
040 _aDLC
_cOTifH
_dOCoLC
_dOClW-H
_dOCoLC
_dUk
_dDLC
_dBD-RjUL
_beng
041 _aeng
082 _a572.8
_bSWC 1967
100 1 _aSwanson, Carl P.
_934444
245 1 0 _aCytogenetics /
_cby Carl P. Swanson, Timothy Merz and William J. Young.
260 _aEnglewood Cliffs, N.J. :
_bPrentice-Hall,
_cc1967, [Printing 1973]
300 _axii, 194 p. :
_billus. ;
_c24 cm.
490 1 _aFoundations of modern genetics series
504 _aIncludes bibliographical references and index.
650 0 _aCytogenetics.
_934168
700 1 _aMerz, Timothy,
_9227509
700 1 _aYoung, William J.
_q(William Johnson),
_d1925-
_9227510
830 0 _aPrentice-Hall foundations of modern genetics series.
_9227511
942 _2ddc
_cBK
999 _c11136
_d11136